[Event "Tata Steel India Blitz"]
[Site "Kolkata IND"]
[Date "2021.11.21"]
[Round "18.2"]
[White "Sadhwani, Raunak"]
[Black "Shankland, Sam"]
[Result "0-1"]
[WhiteTitle "GM"]
[BlackTitle "GM"]
[WhiteElo "2609"]
[BlackElo "2708"]
[WhiteFideId "35093487"]
[BlackFideId "2004887"]
[EventDate "2021.11.20"]

1. b3 d5 2. Bb2 Bf5 3. d3 e6 4. Nd2 Nf6 5. g3 c5 6. Bg2 Nc6 7. e4 Bg6 8. Nh3 Be7
9. O-O O-O 10. Nf4 dxe4 11. Nxg6 hxg6 12. dxe4 Qc7 13. f4 Rfd8 14. Qe1 Nb4 15.
Qc1 c4 16. Nxc4 b5 17. a3 bxc4 18. axb4 c3 19. Ba3 Rd2 20. Bf3 Rad8 21. b5 Bc5+
22. Kh1 e5 23. fxe5 Qxe5 24. Bxc5 Qxc5 25. Ra4 Qe3 26. Qe1 Qxe1 27. Rxe1 Rxc2
28. e5 Nh7 29. h4 Nf8 30. Rxa7 Rb2 31. Rc7 Rxb3 32. Bg4 Rb4 33. Bh3 Rd3 34. Rf1
Rxg3 35. Kh2 Re3 36. Rfxf7 Rb2+ 37. Kg1 Rg3+ 38. Kf1 Rxh3 39. Rxg7+ Kh8 40. Kg1
Rg3+ 41. Kh1 Rf3 42. Kg1 c2 43. Rge7 Rf5 44. b6 Rb1+ 45. Kg2 c1=Q 0-1

[Event "Tata Steel India Blitz"]
[Site "Kolkata IND"]
[Date "2021.11.21"]
[Round "18.4"]
[White "Nihal, Sarin"]
[Black "Maghsoodloo, Parham"]
[Result "0-1"]
[WhiteTitle "GM"]
[BlackTitle "GM"]
[WhiteElo "2650"]
[BlackElo "2706"]
[WhiteFideId "25092340"]
[BlackFideId "12539929"]
[EventDate "2021.11.20"]

1. d4 e6 2. Nf3 b6 3. e4 Bb7 4. Bd3 c5 5. d5 exd5 6. exd5 Bxd5 7. Nc3 Be6 8. Ne5
Nc6 9. Nxc6 dxc6 10. Qf3 Qd7 11. Bg5 Be7 12. Rd1 Bg4 13. Qe3 Bxd1 14. Nxd1 Qe6
15. Qxe6 fxe6 16. Be3 Nf6 17. O-O Nd5 18. a3 Kf7 19. Re1 Bf6 20. Bc1 Rad8 21. g3
b5 22. b3 Rhe8 23. Kg2 g6 24. h4 h5 25. f3 Nb6 26. Nf2 c4 27. Be4 Nd5 28. bxc4
bxc4 29. Nh3 Rb8 30. Nf4 Nxf4+ 31. Bxf4 Rb2 32. Be3 a5 33. g4 Rd8 34. Kh3 Ra2
35. Bc5 Ra1 36. Re2 hxg4+ 37. fxg4 Bd4 38. Rd2 e5 39. c3 Bxc5 40. Rxd8 Rxa3 41.
Bxc6 Rxc3+ 0-1

[Event "Tata Steel India Blitz"]
[Site "Kolkata IND"]
[Date "2021.11.21"]
[Round "18.5"]
[White "Harika, Dronavalli"]
[Black "Aronian, Levon"]
[Result "0-1"]
[WhiteTitle "GM"]
[BlackTitle "GM"]
[WhiteElo "2511"]
[BlackElo "2782"]
[WhiteFideId "5015197"]
[BlackFideId "13300474"]
[EventDate "2021.11.20"]

1. e4 c5 2. c3 d6 3. d4 Nf6 4. Bd3 g6 5. Nf3 Bg7 6. O-O O-O 7. Re1 Bg4 8. Nbd2
cxd4 9. cxd4 Nc6 10. h3 Bd7 11. Nf1 Qb6 12. d5 Nb4 13. Bb1 Rac8 14. Be3 Qd8 15.
Qd2 a5 16. Ng3 Re8 17. Bd4 Bb5 18. Bc3 Nd7 19. Bxg7 Kxg7 20. a3 Na6 21. Nd4 Qb6
22. Kh2 a4 23. f4 Nac5 24. e5 Nb3 25. Nxb3 axb3 26. e6 fxe6 27. dxe6 Nf6 28. f5
Qc5 29. fxg6 hxg6 30. Ne4 Qe5+ 31. Ng3 Qd5 32. Qe3 Rh8 33. Kg1 Bc6 34. Be4 Nxe4
35. Nxe4 Rh5 36. Rad1 Qxe6 37. Qc3+ Re5 38. Ng5 Qf6 39. Rxe5 dxe5 40. Ne4 Qf4
41. Re1 Rd8 42. Nc5 Qf6 43. Qxe5 Qxe5 44. Rxe5 Rd2 45. Nxb3 Rxg2+ 46. Kf1 Rxb2
47. Nd4 Kf6 48. Nxc6 bxc6 49. Ra5 e5 50. Rc5 Rb6 51. a4 Ke6 52. Rc3 Kd5 53. Ke2
c5 54. Ra3 c4 55. a5 Ra6 56. Kd2 Kd4 57. Kc2 e4 58. Ra1 e3 59. Rg1 Rxa5 60. Rg4+
Kc5 61. Rg5+ Kb4 62. Rxg6 Ra2+ 63. Kd1 Rd2+ 64. Ke1 c3 65. Rb6+ Kc5 66. Rb8 c2 0-1